Reforms, rural development and the human face: (Record no. 17924)

MARC details
000 -LEADER
fixed length control field 008910000a22002290004500
003 - CONTROL NUMBER IDENTIFIER
control field dpl
005 - DATE AND TIME OF LATEST TRANSACTION
control field 2008102903203.0
008 - FIXED-LENGTH DATA ELEMENTS--GENERAL INFORMATION
fixed length control field 081029t xxu||||| |||| 00| 0 eng d
010 ## - LIBRARY OF CONGRESS CONTROL NUMBER
LC control number ENG-84620
020 ## - INTERNATIONAL STANDARD BOOK NUMBER
International Standard Book Number 8176298794
Terms of availability 1280.00 (hb)
035 ## - SYSTEM CONTROL NUMBER
System control number EN-68153
040 ## - CATALOGING SOURCE
Transcribing agency dpl
082 ## - DEWEY DECIMAL CLASSIFICATION NUMBER
Classification number 338.90091734
245 ## - TITLE STATEMENT
Title Reforms, rural development and the human face:
Remainder of title perspectives, perceptions, prescriptions /
Statement of responsibility, etc edited by S Kaushil and Surat Singh
260 ## - PUBLICATION, DISTRIBUTION, ETC. (IMPRINT)
Place of publication, distribution, etc New Delhi
Name of publisher, distributor, etc Deep and Deep Publications
Date of publication, distribution, etc 2006
300 ## - PHYSICAL DESCRIPTION
Extent xxxviii,440p
Dimensions 24cm
500 ## - GENERAL NOTE
General note Includes bibliographical references and index
700 ## - ADDED ENTRY--PERSONAL NAME
Personal name Kaushil, S
Titles and other words associated with a name ed
700 ## - ADDED ENTRY--PERSONAL NAME
Personal name Surat Singh
Titles and other words associated with a name ed
942 ## - ADDED ENTRY ELEMENTS (KOHA)
Source of classification or shelving scheme Dewey Decimal Classification
Koha item type English Books
Classification part 338.90091734
Call number suffix REF
Holdings
Withdrawn status Lost status Source of classification or shelving scheme Damaged status Not for loan Home library Current library Date acquired Cost, normal purchase price Total Checkouts Full call number Barcode Date last seen Copy number Cost, replacement price Price effective from Koha item type
    Dewey Decimal Classification   Not For Loan D.B.Act.Division D.B.Act.Division 12/03/2007 1280.00   338.90091734 REF EN-68153 04/11/2008 1 1280.00 04/11/2008 English Books

© Delhi Public Library
Hit Counter
free hit counter